00756nam a2200265Ia 4500008004000000020001400040041000800054082001300062100002400075245004000099250000500139260003300144300002100177650000700198650001700205650000700222650001000229650001200239650000700251690001700258700002200275906001100297999001900308952016300327210210b2009 xxu||||| |||| 00| 0 eng d a131968939 aeng a576 MADB aMADIGAN (Michael T) aBrock biology of microbiology Ed 12 a aSan FranciscobPearsonc2009 axxviii,1061,I-36 aof amicrobiology aEd aBrock abiology a12 aMicrobiology aMARTINKO (John M) a063787 c138860d138860 001040708MicrobiologyaALbALcRSd2021-02-17eWest Coast Paper & Stationers Mangalore-1g3066.00l0o576 MADBp063787r2021-02-17 00:00:00w2021-02-17yBK